The case of the publicans, both in town and country, laid open : Or, A clear insight into the many inconveniencies, difficulties and disadvantages, that they labour under, in a particular manner, above all other of His Majesty's subjects. And a remedy prescribed which will effectually cure this malady, without affecting either His Majesty's revenue, or the interest of his honest and industrious subjects: to which are annexed, some remarks on the soldiery; wherein is proved, that the quartering them upon publicans is not only hurtful to that branch, but to the public in general, and a method advanced, whereby to render them more useful to the community, than at present they are. To which is added, a never-before advanced scheme, which will effectually suppress murders, robberies, and other henious crimes, without either hanging or transportation. Most humbly addressed to that August assembly the British Parliament. By J.C.

Bibliographic Details
Main Author: Campbell, John, 1708-1775
Corporate Author: Gale (Firm)
Format: eBook
Language:English
Published: London : Sold by G. Woodfall, at Charing-Cross; at the Pamphlet-shops at the Royal-Exchange, and by the News-Carriers, 1752.
Subjects:
Online Access:Connect to the full text of this electronic book

MARC

Tag First Indicator Second Indicator Subfields
LEADER 00000cam a2200000 4500
001 in00003812421
005 20190415185443.0
006 m o d
007 cr |n||||||||n
008 880908s1752 enk|||| o 00||||eng c
035 |a (CU-RivES)T182884 
035 |a (Uk-ES)006277612 
035 |a (OCoLC)509370012 
040 |a Uk-ES  |c Uk-ES  |d CU-RivES  |d CStRLIN  |d Cengage Gale  |d UtOrBLW 
100 1 |a Campbell, John,  |d 1708-1775.  |0 http://id.loc.gov/authorities/names/n50030937 
245 1 4 |a The case of the publicans, both in town and country, laid open :  |b Or, A clear insight into the many inconveniencies, difficulties and disadvantages, that they labour under, in a particular manner, above all other of His Majesty's subjects. And a remedy prescribed which will effectually cure this malady, without affecting either His Majesty's revenue, or the interest of his honest and industrious subjects: to which are annexed, some remarks on the soldiery; wherein is proved, that the quartering them upon publicans is not only hurtful to that branch, but to the public in general, and a method advanced, whereby to render them more useful to the community, than at present they are. To which is added, a never-before advanced scheme, which will effectually suppress murders, robberies, and other henious crimes, without either hanging or transportation. Most humbly addressed to that August assembly the British Parliament. By J.C. 
264 1 |a London :  |b Sold by G. Woodfall, at Charing-Cross; at the Pamphlet-shops at the Royal-Exchange, and by the News-Carriers,  |c 1752. 
300 |a 1 online resource (22 pages)  
336 |a text  |b txt  |2 rdacontent 
337 |a computer  |b c  |2 rdamedia 
338 |a online resource  |b cr  |2 rdacarrier 
500 |a J. C. = John Campbell. 
500 |a Price in square brackets: (Price 6d.) 
510 4 |a Goldsmiths',  |c 8744 
510 4 |a English Short Title Catalog,  |c T182884. 
500 |a Reproduction of original from University of London's Goldsmiths' Library. 
500 |a Electronic resource. 
650 0 |a Bars (Drinking establishments)  |z England  |v Early works to 1800. 
650 0 |a Soldiers  |x Billeting  |z England  |v Early works to 1800. 
655 7 |a Electronic books.  |2 local 
710 2 |a Gale (Firm)  |0 http://id.loc.gov/authorities/names/no2008071348 
752 |a Great Britain  |b England  |d London. 
856 4 0 |u http://proxy.library.tamu.edu/login?url=http://find.galegroup.com/ecco/infomark.do?contentSet=ECCOArticles&docType=ECCOArticles&bookId=1612202100&type=getFullCitation&tabID=T001&prodId=ECCO&docLevel=TEXT_GRAPHICS&version=1.0&source=library&userGroupName=txshracd2898  |z Connect to the full text of this electronic book  |t 0 
999 f f |s 5e672cc4-8f00-3300-8c41-1b7c34bf0914  |i 26b6e37c-ff37-3e7e-ad5a-330866443099  |t 0 
952 f f |a Texas A&M University  |b College Station  |c Electronic Resources  |d Available Online  |t 0  |h No information provided 
998 f f |t 0  |l Available Online